All Main Indiana Jones Villains - Statistics

General Stats
  • This quiz has been taken 37 times
  • The average score is 4 of 5
Answer Stats
Picture Answer % Correct
René Belloq
89%
Mola Ram
81%
Walter Donovan
78%
Irina Spalko
56%
Jürgen Voller
48%
No matching quizzes found
Score Distribution
Percent of People with Each Score
Percentile by Number Answered
Your Score History
You have not taken this quiz